000 00928nam a2200253 a 4500
001 000025625
005 20200930023927.0
008 110218s1980 mx ad r 000 0 spa d
020 _a9681809750
040 _aDO-SdBNP
_bspa
_cBNPHU
041 1 7 _aspa
_heng
_2Código de idioma MARC
082 _aNNN
_bA419i
100 1 _aAllard, R. J.
_952323
240 1 0 _aAn approach to econometrics.
_lEspañol.
245 1 0 _aIntroducción a la econometría /
_cR. J. Allard ; versión española Sergio Fernández Everest y revisión de Yolanda Palma Cabrera.
260 _aMéxico D. F. :
_bLimusa,
_c1980.
300 _aviii, 271 p. :
_bil., diagr. ;
_c22 cm.
534 _aTítulo original:
_tAn approach to econometrics.
500 _aIncluye bibliografía (p. 365-366)
500 _aIncluye apéndice (p. 249-262)
700 1 _aFernández Everest, Sergio
_etr.
_951388
700 1 _aPalma Cabrera, Yolanda.
_952324
049 _aBNGR
999 _c25117
_d25117